Basic electrical engineering (Record no. 7166)

000 -LEADER
fixed length control field 00658nam a2200217 4500
001 - CONTROL NUMBER
control field 7166
003 - CONTROL NUMBER IDENTIFIER
control field BD-DhUET
008 - FIXED-LENGTH DATA ELEMENTS--GENERAL INFORMATION
fixed length control field 740521s1975 nyua 001 0 eng
020 ## - INTERNATIONAL STANDARD BOOK NUMBER
International Standard Book Number 0070211523
040 ## - CATALOGING SOURCE
Original cataloging agency DLC
Transcribing agency DLC
Modifying agency BD-DhUET
082 00 - DEWEY DECIMAL CLASSIFICATION NUMBER
Classification number 623
Item number FIT/1975
100 1# - MAIN ENTRY--PERSONAL NAME
Personal name Fitzgerald, A. E.
245 10 - TITLE STATEMENT
Title Basic electrical engineering
Remainder of title circuits,electronics,machines,control
Statement of responsibility, etc. by A. E. Fitzgerald, David E. Higginbotham and Arvin Grabel
250 ## - EDITION STATEMENT
Edition statement 4th ed.
260 ## - PUBLICATION, DISTRIBUTION, ETC. (IMPRINT)
Place of publication, distribution, etc. New York
Name of publisher, distributor, etc. McGraw-Hill
Date of publication, distribution, etc. 1975
300 ## - PHYSICAL DESCRIPTION
Extent xiv, 817 p.
Other physical details illus.
Dimensions 24 cm.
650 #0 - SUBJECT ADDED ENTRY--TOPICAL TERM
Topical term or geographic name as entry element Electricity : Engineering
700 ## - ADDED ENTRY--PERSONAL NAME
Personal name Higginbotham, David E.
700 ## - ADDED ENTRY--PERSONAL NAME
Personal name Grabel, Arvin
942 ## - ADDED ENTRY ELEMENTS (KOHA)
Koha item type General Book
Holdings
Koha date last seen Location (home branch) Piece designation (barcode) Sublocation or collection (holding branch) Lost status Damaged status Koha item type Withdrawn status Price effective from Not for loan Copy number Koha issues (times borrowed) Shelving location Source of classification or shelving scheme Koha normalized classification for sorting Koha full call number Koha date last borrowed Date acquired
2018-08-04Central Library, BUET65364Central Library, BUET  General Book 2014-12-07 11Circulation section 623PIT1975623/PIT/19752018-07-212014-12-07
2015-03-12Central Library, BUET43309Central Library, BUET  General Book 2015-03-12 2 Circulation section 623_000000000000000_PIT_1975623/PIT/1975 2015-03-12
2015-03-12Central Library, BUET43314Central Library, BUET  General Book 2015-03-12 3 Circulation section 623_000000000000000_PIT_1975623/PIT/1975 2015-03-12
2015-03-12Central Library, BUET43676Central Library, BUET  General Book 2015-03-12 4 Circulation section 623_000000000000000_PIT_1975623/PIT/1975 2015-03-12
2015-03-12Central Library, BUET42843Central Library, BUET  General Book 2015-03-12 5 Circulation section 623_000000000000000_PIT_1975623/PIT/1975 2015-03-12
2015-04-16Central Library, BUET43308Central Library, BUET  General Book 2015-04-16 6 Circulation section 623_000000000000000_FIT_1975623/FIT/1975 2015-04-16
2015-04-18Central Library, BUET43316Central Library, BUET  General Book 2015-04-18 7 Circulation section 623_000000000000000_FIT_1975623/FIT/1975 2015-04-18
2015-04-21Central Library, BUET43310Central Library, BUET  General Book 2015-04-21 8 Circulation section 623_000000000000000_FIT_1975623/FIT/1975 2015-04-21
2015-04-21Central Library, BUET43677Central Library, BUET  General Book 2015-04-21 9 Circulation section 623_000000000000000_FIT_1975623/FIT/1975 2015-04-21
2015-04-21Central Library, BUET43313Central Library, BUET  General Book 2015-04-21 10 Circulation section 623_000000000000000_FIT_1975623/FIT/1975 2015-04-21
2015-04-21Central Library, BUET43307Central Library, BUET  General Book 2015-04-21 11 Circulation section 623_000000000000000_FIT_1975623/FIT/1975 2015-04-21
2015-04-21Central Library, BUET51101Central Library, BUET  General Book 2015-04-21 12 Circulation section 623_000000000000000_FIT_1975623/FIT/1975 2015-04-21
2015-06-28Central Library, BUET42841Central Library, BUET  Reading Item 2015-06-28 13 Reading section 623_000000000000000_FIT_1975623/FIT/1975 2015-06-28
2015-06-28Central Library, BUET42840Central Library, BUET  Reading Item 2015-06-28 14 Reading section 623_000000000000000_FIT_1975623/FIT/1975 2015-06-28
2015-06-28Central Library, BUET43679Central Library, BUET  Reading Item 2015-06-28 15 Reading section 623_000000000000000_FIT_1975623/FIT/1975 2015-06-28